Nie je nám to jedno

Bibliographic Details
Format: Book
Language:Slovak
English
PhysicalDescription:nestr. fotogr. 21 cm
Published: [Bratislava Občianske oko 2004]
Edition:[1. vyd.]
Subjects:

MARC

LEADER 00000nam a2200000 a 4500
001 vtls001482365
003 SK-MaSNL
005 20260426011639.0
008 040924s2004 xo a 0 slo
015 |a SNBE2005/01-00112 
035 |a SNK000437662 
040 |a SNK  |b slo  |c SNK  |e AACR2 
041 0 |a slo  |a eng 
043 |a e-xo--- 
072 7 |a 061.2  |x Nevládne organizácie a kooperácia  |2 konspekt 
072 7 |a 324  |x Voľby, volebné kampane, referendá  |2 snkbusd 
080 |a 061.23  |x (437.6)  |x (036)  |2 snkbusd 
080 |a 324  |2 1981 
080 |a (036)  |2 1981 
245 0 0 |a Nie je nám to jedno 
250 |a [1. vyd.] 
260 |a [Bratislava  |b Občianske oko  |c 2004] 
300 |a nestr.  |b fotogr.  |c 21 cm 
500 |a Súbež. text angl. 
610 2 7 |a Nie je nám to jedno (občianska iniciatíva)  |z Slovensko  |2 snkbusd  |9 691173 
648 7 |a 2002  |2 snkbusd  |9 299607 
650 0 7 |a občianske združenia  |2 SNK  |9 29132 
650 0 7 |a voľby  |z Slovensko  |y r. 2002  |2 SNK  |9 691174 
651 7 |a Slovensko  |x vnútorná politika  |y 2002   |2 SNK  |9 68096 
651 7 |a Slovensko  |2 SNK  |9 14231 
655 7 |a informačné publikácie  |2 SNK  |9 70181 
655 7 |a brožúry  |2 SNK  |9 70146 
999 |c 1075540  |d 1077470 
952 |t P60, <03>, [BOOK], {603}, -K-  |a SNK  |b SNK  |y PREZ  |7 0  |p 17A0443487  |o snkOSC 22730  |i snkKSP 12662/2004  |0 0  |1 0  |4 0  |d 2004-09-24  |l 0  |r 2005-01-02 00:00:00  |w 2026-02-24 
952 |t P60, <04>, [BOOK], {604}  |a SNK  |b SNK  |y VYP  |7 0  |p 17A0443488  |o snkOSC 22730 D1  |i snkKSP 12663/2004  |0 0  |1 0  |4 0  |d 2004-09-24  |l 0  |r 2005-01-02 00:00:00  |w 2026-02-24